Self help to english conversation : (Record no. 4655)

MARC details
000 -LEADER
fixed length control field 00588 a2200169 4500
010 ## - LCCN (DPL NO)
LC control number ENG-86523
020 ## - INTERNATIONAL STANDARD BOOK NUMBER
International Standard Book Number 8183821332
Terms of availability 95.00
035 ## - SYSTEM CONTROL NUMBER
System control number EN-70056
037 ## - SOURCE OF ACQUISITION
Source of stock number/acquisition DBAD / PUB
082 ## - DEWEY DECIMAL CLASSIFICATION NUMBER
Classification number 485
100 ## - MAIN ENTRY--PERSONAL NAME
Personal name Peterson, Jim
245 ## - TITLE STATEMENT
Title Self help to english conversation :
Statement of responsibility, etc by Jim Peterson
Remainder of title your success guide to english conversation /
260 ## - PUBLICATION, DISTRIBUTION, ETC. (IMPRINT)
Place of publication, distribution, etc New Delhi
Name of publisher, distributor, etc Lotus Press
Date of publication, distribution, etc 2007
270 ## - ADDRESS
Address 4263/3, Ansari Road, Darya Ganj
City New Delhi
Postal code 110 002
Telephone number 011-32903912, 011-23290047
Electronic mail address lotus_press@sify.com
300 ## - PHYSICAL DESCRIPTION
Extent 200 p.
Dimensions 22cm (Pbk)
942 ## - ADDED ENTRY ELEMENTS (KOHA)
Institution code [OBSOLETE] dpl
Item type English Books
Source of classification or shelving scheme Dewey Decimal Classification
Classification part 485
Call number suffix PET
Holdings
Withdrawn status Lost status Not for loan Collection code Home library Current library Source of acquisition Cost, normal purchase price Full call number Barcode Copy number Cost, replacement price Koha item type
    Not For Loan Non-fiction D.B.Act.Division D.B.Act.Division DBAD/PUB 95.00 485 PET EN-70056 1 95.00 English Books

© Delhi Public Library
Hit Counter
free hit counter